Civil társadalom - alulnézetben

Elmentve itt :
Bibliográfiai részletek
Szerző: MAGYARI VINCZE Enikő
Adatforrás:Meister
Forrásdokumentuma:A Hét. -
6 sz., 1991, 8 p.
Nyelv:magyar
Kulcsszavak:politológia
szociálpszichológia
civil társadalom
intolerancia
paternalizmus
totalitarizmus
MASTNAK Tomaz
LEADER 00523nab a2200193 i 4500
001 bibPRO00006273
008 060524s1991 xx hun
040 |a Sz1 
041 |a hun 
100 1 |a MAGYARI VINCZE Enikő 
245 1 0 |a Civil társadalom - alulnézetben  |c MAGYARI VINCZE Enikő 
695 |a politológia 
695 |a szociálpszichológia 
695 |a civil társadalom 
695 |a intolerancia 
695 |a paternalizmus 
695 |a totalitarizmus 
695 |a MASTNAK Tomaz 
773 0 |t A Hét. -  |g 6 sz., 1991, 8 p.